[Event "A-Klasse 2009 (A68)"]
[Site "Berlin-Weißensee"]
[Date "2009.05.24"]
[Round "7.4"]
[White "Gebigke, Martin"]
[Black "Zschaebitz, Klaus"]
[Result "1-0"]
[WhiteElo "2183"]
[BlackElo "2100"]
[PlyCount "59"]
[EventDate "2009.05.20"]

1. d4 d5 2. c4 e6 3. Nf3 Nf6 4. g3 Be7 5. Bg2 O-O 6. O-O Nc6 7. b3 Ne4 8. Bb2
a6 9. Nbd2 Nd6 10. Rc1 Bf6 11. Ne5 Ne7 12. Qc2 Ne8 13. Rfd1 b6 14. e4 Bb7 15.
Ng4 h5 16. Nxf6+ gxf6 17. exd5 exd5 18. Re1 Qd6 19. cxd5 Nxd5 20. Ne4 Qb4 21.
Qd1 Ng7 22. Rxc7 Nxc7 23. Nxf6+ Kh8 24. Bxb7 Rab8 25. Re5 Nce6 26. Qc1 Nf5 27.
Rxf5 Kg7 28. Nxh5+ Kg6 29. Be4 Qe7 30. Rf6+ 1-0